Регионална библиотека "Любен Каравелов" - Русе

Сборник от задачи по математика за ІІІ и ІV клас (Запис номер 14658)

MARC детайли
000 -Лидер
Контролно поле с фиксирана дължина nam a22 a 4500
003 - Код на организацията, давaща контролен номер
Контролно поле BLK
005 - Дата и час на последна редакция
Контролно поле 20230301172347.0
008 - Елементи от данни с фиксирана дължина
fixed length control field 180412b bul|||||r ||||||| ||bul||
010 ## - Наследен системен номер
LC control number KNG00016376000
040 ## - Източник на каталожния запис
Идентификатор на билиотеката - собственик на записа BLK
041 ## - Код за език
Код за езика на текст/звукозапис или на отделно заглавие Български
Код за езика КДБФ Български
080 ## - УДК
Текстов определител УДК Основи на математиката в основното образование
УДК код - определител по УДК 372.47
УДК определител (075.2)
УДК - код + определител 372.47(075.2)
100 1# - Редна дума - Автор
Автор Райнова, Пенка Георгиева
Авторска отговорност първи автор
R(LIN) 363367
139 ## - Редно поле
Редна дума Райнова, Пенка Георгиева и др.
Авторски знак Раин - Р 28
245 10 - Сведения за заглавието
Заглавие Сборник от задачи по математика за ІІІ и ІV клас
Редно поле (дума) Пенка Георгиева Райнова; съавт. Тодорка Сотирова; съавт. Гинка Тодорова Иванова.
257 ## - Страна на издаване
Страна на създаване/издаване България
260 ## - Област на издателските данни
Място на издаване, разпространение и проч. София
Име на издателя, разпространителя и проч. Слов-Д
Година на издаване 1992
300 ## - Физическа характеристика
Страници 96 с.
Илюстрации и др. с черт., табл.
Размери/Мащаб 22 см
380 ## - Жанр
Жанр Обществени науки
500 ## - Общи забележки
Забележка Авт. не са отбелязани на кор. - 50 000 тир.
650 #4 - Допълнително описание по предмет – тема
Основно описание – тема или топоним Математика - задачи - учебни помагала
9 (RLIN) 241584
650 #4 - Допълнително описание по предмет – тема
Основно описание – тема или топоним Математика - задачи - учебници за начални училища
9 (RLIN) 259477
653 ## - Ключова дума – ненормативна
Ключова дума задачи
653 ## - Ключова дума – ненормативна
Ключова дума математика
653 ## - Ключова дума – ненормативна
Ключова дума ІІІ кл. - ІV кл.
653 ## - Ключова дума – ненормативна
Ключова дума учебни помагала
700 1# - Други автори (авторска отговорност)
Лично име Сотирова, Тодорка
Автороска отговорност (Описва отношението между автора и произведението) съавт.
9 (RLIN) 363527
700 1# - Други автори (авторска отговорност)
Лично име Иванова, Гинка Тодорова
Автороска отговорност (Описва отношението между автора и произведението) съавт.
9 (RLIN) 259476
852 ## - Местоположение
Форматна сигнатура Цб 169541
856 4# - Електронен адрес и достъп
Електронен формат pdf - файл
Път до файла /url/
Инструкция (цена за достъп) 0.00
Права за достъп disable
856 4# - Електронен адрес и достъп
Електронен формат pdf - файл
Път до файла /url/
Инструкция (цена за достъп) 0.00
Права за достъп disable
999 ## - СИСТЕМНИ КОНТРОЛНИ НОМЕРА
Koha biblionumber 14658
Koha biblioitemnumber 14658
942 ## - АРТИКУЛИ
Вид на библиотечния материал Книги
Скрит в OPAC Не
Koha issues (borrowed), all copies 2
Периодичен библиозапис Да
944 ## - СЪЗДАВАНЕ И РЕДАКЦИЯ на ЗАПИСА
Създаване/Редакция Създаване
Дата на регистрацията/редакция 15.01.2003
Статус, дата на статуса ф /
Служител, извършил регистрацията/редакцията AB_DOS
944 ## - СЪЗДАВАНЕ И РЕДАКЦИЯ на ЗАПИСА
Създаване/Редакция Редакция
Дата на регистрацията/редакция 21.02.2017
Статус, дата на статуса ф /
Служител, извършил регистрацията/редакцията Вася_Ганчева
999 ## - СИСТЕМНИ КОНТРОЛНИ НОМЕРА
Koha biblioitemnumber 14658
Наличности
Код за отписване Код за изгубен артикул Източник на класификационната схема Код за повреда Коз за рестрикции Код за отдаване Артикулен № Име на библиотеката - собственик Име на библиотеката, в която се намира в момента Статус (Текущо местоположение) Дата на вписване в системата Местоположение - отдел Цена в лева Инвентарен номер Систематично азбучна сигнатура Баркод Номер на екземпляра Цена в евро Служебна бележка Служебен тип на артикула Бележка за публиката
  Не е изгубен Universal Decimal Classification Не е повреден без рестрикции ползва се в читалня 25018 Регионална библиотека "Любен Каравелов" Русе Регионална библиотека "Любен Каравелов" Русе Хранилище 1992-01-01 Хранилище 12.00 570432 Цб 169541 120000570432 1 6.14 Дост: Dp Вид: Д N: стар фонд Дата: 01.01.1992 Книги  
Изтеглен Не е изгубен   Не е повреден без рестрикции заемане за дома 25019 Регионална библиотека "Любен Каравелов" Русе Регионална библиотека "Любен Каравелов" Русе   1992-01-01 Детски отдел 1.20 579437 ДН 372.47/Р 28 579437 2 0.61 Дост: Pk Вид: Ф N: стар фонд Дата: 01.01.1992 Дата инв: 30.09.2015 Бележки инв: Д2015 Книги Отч.N: 47/2017 , Дата: 05.10.2017
Изтеглен Не е изгубен Universal Decimal Classification Не е повреден без рестрикции заемане за дома 25020 Регионална библиотека "Любен Каравелов" Русе Регионална библиотека "Любен Каравелов" Русе Детски отдел 1992-01-01 Детски отдел 0.84 579438 ДН 372.47/Р 28 579438 3 0.43 Дост: Pk Вид: Ф N: стар фонд Дата: 01.01.1992 Дата инв: 12.09.2015 Бележки инв: Д2015 Книги  
Изтеглен Не е изгубен Universal Decimal Classification Не е повреден без рестрикции заемане за дома 25021 Регионална библиотека "Любен Каравелов" Русе Регионална библиотека "Любен Каравелов" Русе Детски отдел 1992-01-01 Детски отдел 0.84 579440 ДН 372.47/Р 28 579440 4 0.43 Дост: Pk Вид: Ф N: стар фонд Дата: 01.01.1992 Дата инв: 11.09.2015 Бележки инв: Д2015 Книги  
Vip Innovations Ltd, Rousse, Bulgaria 2025